MDQL
is popping MORE tags! Check the
thread
!
Quizzes
Events
Quiz Creation
Community
Videos
Private Events
Remove Ads
Sign In
Join for FREE
Feedback
Dark Mode
Quiz Categories
Sports
Geography
Music
Movies
Television
Just For Fun
Miscellaneous
History
Literature
Language
Science
Gaming
Entertainment
Religion
Holiday
For Kids
Quiz Lab
Recent
Popular Today
Quiz Kudos Today
Editor Picks
Curator Picks
Quizzes by...
Day
Popularity
Type
Ratings
Length
Year
Community
Subscriptions
Recent Discussions
Orange Saloon
Badges
Playlists
Quests
Create
Leaderboards
Showdown
Live 5
Trivia Bingo
Activity
Puzzle Library
Sporcle Events
Private Events
Virtual Trivia
Globe League
Become a Host
Pub Owners
SporcleCon
Opinionation
Our Games
Videos
Blog
Mobile Apps
Partnerships
Remove Ads and Go Orange
Feedback
Sports
Athletes
MLB
NBA
NHL
NFL
Soccer
Sports Teams
WWE
NCAA
Football
Premier League
Basketball
Baseball
Hockey
Golf
Tennis
Cricket
Rugby
Auto Racing
Olympics
World Cup
Sports
Athletes
MLB
NBA
NHL
NFL
Soccer
Sports Teams
WWE
NCAA
Football
Premier League
Basketball
Baseball
Hockey
Golf
Tennis
Cricket
Rugby
Auto Racing
Olympics
World Cup
Random Quiz
Search Sporcle
×
Quiz Lab
Quiz Lab
Sports
Finisher
Type in answers that appear in a list
Type in answers that appear in a list
Classic
Best Score? Go Orange.
1998 PWI 50 Top 200 Stats
Can you name the 1998 PWI 50 Top 200?
By
mickiejamesishot
20m
200 Questions
404 Plays
404 Plays
404 Plays
Comments
Comments
Give Quiz Kudos
Give Quiz Kudos
-
- Ratings
hide this ad
Replay
Link that replays current quiz
Next Quiz
Link to next quiz in quiz playlist
You Got
0%
They Got
Avg Score
52%
Avg Friend Score
Upgrade to see
Score Distribution
Jump to the score distribution portion of the page
Score
0/200
Timer
20:00
0
Plays Today
Rank
Wrestler
% Correct
1
Steve Austin
99.3%
197
Rocco Rock
98.5%
11
The Rock
98.3%
5
Undertaker
97.8%
19
Chris Benoit
95.3%
40
Bret Hart
95.3%
2
Bill Goldberg
95%
151
NWO Sting
94.5%
4
Diamond Dallas Page
94.3%
10
Chris Jericho
94%
12
Sting
94%
35
Dean Malenko
93.8%
15
Owen Hart
93.5%
21
Kane
93.5%
57
Scott Hall
93.3%
28
Eddie Guerrero
93%
16
Randy Savage
92.5%
26
Mick Foley
92.3%
39
Kevin Nash
92.3%
24
Hunter Hearst Helmsley
92%
7
Booker T
91.5%
14
Rob Van Dam
90.8%
67
Edge
90%
62
Billy Gunn
88.8%
72
Dustin Rhodes
88.8%
80
Christian
88.6%
49
Shawn Michaels
88.3%
133
X-Pac
87.1%
53
Hollywood Hogan
86.8%
31
The Giant
86.6%
152
Bart Gunn
86.6%
73
Jesse James
85.8%
8
Ken Shamrock
85.6%
55
Ric Flair
85.6%
29
Lex Luger
84.6%
36
Taz
84.3%
61
Raven
84.3%
77
Faarooq
84.3%
143
Scott Taylor
83.3%
141
British Bulldog
83.1%
43
Jeff Jarrett
82.8%
59
Perry Saturn
82.3%
74
Bubba Ray Dudley
82.3%
111
D-Von Dudley
82.3%
121
Spike Dudley
82.3%
200
Big Dick Dudley
81.8%
33
Sabu
81.6%
102
Bradshaw
81.6%
107
Rey Mysterio
81.3%
120
D-Lo Brown
78.4%
22
Taka Michinoku
78.1%
136
Jerry Lawler
77.1%
92
Scott Steiner
76.1%
66
Rick Steiner
75.9%
48
Bam Bam Bigelow
75.6%
60
Terry Funk
75.4%
20
Ultimo Dragon
74.9%
86
Brian Christopher
74.9%
96
Sandman
74.9%
188
Steven Regal
74.9%
105
Val Venis
73.1%
30
Shane Douglas
72.6%
25
Juventud Guerrera
71.9%
126
Mosh
71.9%
100
Tommy Dreamer
71.6%
116
Steve Williams
70.9%
78
Lance Storm
70.4%
Rank
Wrestler
% Correct
65
Vader
70.1%
144
Thrasher
69.7%
171
Fuerza Guerrera
69.7%
98
Devon Storm
69.2%
9
Jushin Liger
68.2%
99
Konnan
67.7%
132
Billy Kidman
67.7%
180
Doug Williams
67.7%
97
Curt Hennig
67.2%
174
Buff Bagwell
67.2%
58
Keiji Mutoh
66.9%
155
Tajiri
65.4%
82
Animal
64.9%
91
Hawk
64.4%
110
Savio Vega
63.7%
54
Marc Mero
62.9%
108
Kanyon
62.2%
142
Roddy Piper
61.9%
164
Bob Holly
61.9%
191
Mark Henry
60.4%
87
Disco Inferno
60%
3
Mitsuharu Misawa
59.7%
85
Justin Credible
59.7%
114
Jerry Lynn
59.7%
165
Jim Neidhart
59.7%
103
Scott Norton
59.2%
45
Chris Candido
58.2%
167
John Kronus
58%
6
Kenta Kobashi
56.5%
44
Dan Severn
56.5%
70
Al Snow
55.7%
154
New Jack
55.2%
172
Funaki
55.2%
170
Alex Wright
54.5%
163
Hugh Morrus
53.5%
119
Brian Lee
53.2%
127
Venum Black
52.7%
37
La Parka
52.5%
41
Psicosis
52.5%
123
Chris Adams
52.5%
150
Barry Windham
52.5%
109
Steve Blackman
50%
89
Stan Hansen
49.8%
42
Fit Finlay
49.3%
184
Glacier
49.3%
46
Masahiro Chono
47.8%
158
Ernest Miller
47.5%
95
Masato Tanaka
46.8%
157
Super Crazy
46.8%
106
Johnny Ace
45.8%
193
Rick Martel
45.8%
94
2 Cold Scorpio
42.5%
199
Vampiro
42.5%
190
Steve McMichael
41.3%
162
Balls Mahoney
40.8%
135
Heavy Metal
40.3%
129
8 Ball
39.6%
138
Tatsuhito Takaiwa
39.6%
131
Dick Togo
39.1%
145
Skull
38.6%
124
Michael Walstreet
37.6%
17
Toshiaki Kawada
37.3%
179
Droz
37.1%
47
Dr Wagner Jr
36.3%
69
The Great Sasuke
35.6%
176
Barbarian
34.8%
173
Van Hammer
34.8%
Rank
Wrestler
% Correct
23
Kensuki Sasaki
34.1%
101
Silver King
33.3%
38
Hayabusa
32.3%
52
Shinya Hashimoto
32.1%
192
Kurrgan
32.1%
13
Tatsumi Fujinami
31.1%
83
Yuji Nagata
30.8%
139
Axl Rotten
30.8%
63
Hiroyoshi Tenzan
29.9%
148
Miguel Perez Jr
29.9%
18
El Hijo del Santo
29.6%
64
Chavo Guerrero Jr
29.6%
168
Hector Garza
29.4%
79
Tenryu
28.9%
134
Tracy Smothers
28.6%
153
Hiroshi Hase
28.6%
183
Emilio Charles Jr
28.4%
159
Men's Teioh
27.4%
51
Akira Taue
26.9%
27
Jun Akiyama
26.6%
112
Villano IV
26.1%
90
Super Calo
25.6%
118
Lance Diamond
25.4%
196
Ricky Morton
25.4%
93
Atlantis
24.9%
169
Doug Furnas
24.4%
175
Chris Chetti
24.1%
75
Jerry Estrada
22.6%
32
Koji Kanemoto
22.1%
187
Abdullah the Butcher
21.9%
76
Shinjiro Otani
21.1%
117
Prince Iaukea
20.9%
34
Negro Casas
20.4%
130
Satoshi Kojima
20.1%
198
Gran Naniwa
19.4%
178
Nobuhiku Takada
19.2%
160
Kaz Hayashi
18.9%
81
Octagon
17.2%
149
Wolfie D
17.2%
181
Gran Hamada
16.2%
140
Tiger Mask IV
15.7%
50
Reckless Youth
15.2%
104
Kendo Ka Shin
15.2%
56
Blue Panther
14.9%
71
El Felino
14.9%
113
El Samurai
14.4%
146
Jinsei Shinzaki
14.4%
68
Super Delfin
14.2%
161
Mr Niebla
13.9%
182
Tom Brandi
11.7%
195
Kaos
11.4%
186
Rage
10.2%
166
Gary Albright
10%
115
Maunukea Mossman
7.7%
156
Ace Darling
7.7%
84
Papi Chulo
6.7%
122
Flash Flanagan
6.5%
147
Julio Sanchez
5%
128
Glen Osbourne
4.2%
88
Osamu Nishimura
3.7%
125
Manabu Nakinishi
3.7%
137
Big Titan
3.7%
194
Jimmy Cicero
3.7%
189
Reno Riggins
3.5%
185
Junji Hirata
3.5%
177
Mark Canterburry
3%
Quiz Playlist
Details
Report
Send in Message
Add To Playlist
Classic:
Type in answers that appear in a list
Last Updated: Feb 16, 2017
Quiz Scoreboard
CHALLENGE
Sign Up to Join the Scoreboard
Show All
Scores
Hide
Comments
May contain spoilers
Recently Published
5x2 Blitz: Bands
by SL_Kpop136
Music
30s
Colored Red Africa Blitz
by spor1
Geography
30s
Find the 'City' Movie
by crazypaving
Movies
60s
More to Explore
Quiz From the Vault
Featured Blog Post
14 Easter Pick-up Lines to Find Eggs With
hide this ad
You Might Also Like...
Tags
1998
200
Finisher
PWI
Top 200
Wrestlers
Today's Top Quizzes in Sports
Browse Sports
hide this ad
Today's Top Quizzes in Finisher
Browse Finisher
Top Contributed Quizzes in Sports
1
Players with Multiple 50 Home Run Seasons
2
Criteria MLB: Left Handed Sluggers
3
MLB Players with Two .350 Batting Average Seasons
4
Who Hit More Homers?
5
Premier League Clubs since 2000 (minefield)
6
Who Needs Fielders?
7
2020 F1 Drivers Logic Puzzle
8
Les entraîneurs de l'OM et du PSG au 21e siècle
9
Top 10 NHL Goal Scorers of All Time
10
MLB Hall of Famer by Rings
Explore More
Trending Topics
Kpop
NBA
Marvel
Harry Potter
Crossword
Disney
Anime
The Office
Soccer
NFL
Pokémon
Country
Puzzle
WWE
Song
hide this ad
More By:
mickiejamesishot
Quiz
Plays
Rating
Category
Featured
Created
1991 PWI 500 Top 200
1,029
4.40
Sports
Apr 8, 2010
1996 PWI 500 Top 200
538
4.00
Sports
Apr 9, 2010
1997 PWI 500 Top 200
453
3.00
Sports
Apr 12, 2010
1998 PWI 50 Top 200
404
5.00
Sports
Apr 9, 2010
2000 PWI Top 200
365
5.00
Sports
Apr 8, 2010
Go to Creator's Profile
Score Distribution
Quiz Creator Spotlight
mickiejamesishot
Follow
Send a Message
Quizzes Created
-
Created Quiz Play Count
-
More By This Creator
Popular Quizzes Today
1
Find the 'City' Movie
2
Colored Red Africa Blitz
3
Find the US States - No Outlines Minefield
4
5x2 Blitz: Bands
5
The Countries of the World
6
Find the US States
7
US States
8
9x9 Crossword: Cartoon Network
More Sports Quizzes
Quick Pick: Top Summer Olympics Nations
Editor's Pick
Trending Quizzes
Colored Red Europe Blitz I
Colored Red Africa Blitz II
Colored Red Europe Blitz II
Colored Red Africa Blitz III
Colored Red Europe Blitz III
Recently Updated
Famous TV Couples
Peacemaker
Champions League XIs: Real Madrid
pecheneg
Largest US Cities 1790-2010
pecheneg
Rides in Walt Disney World
pecheneg
Most Oscar Losses (Acting)
pecheneg
Beyoncé Albums
pecheneg
Leaping Animals
pecheneg
Reality TV Shows (A-Z)
bhenderson79
Rickey Henderson's Hall of Fame Teammates
pecheneg
Champions League XIs: Arsenal
pecheneg
Trending Topics
Crossword
NBA
Harry Potter
Kpop
Disney
Marvel
Anime
Pokémon
Country
Puzzle
Song
NFL
The Office
Soccer
WWE
Your Account Isn't Verified!
In order to create a playlist on Sporcle, you need to verify the email address you used during registration. Go to your
Sporcle Settings
to finish the process.
Report this User
Report this user for behavior that violates our
Community Guidelines
.
Details:
Send Report
Go to the Sporcle.com Mobile Site →
Comments